Мiхась Лынькоў (Запись № 13103535)

Подробности
000 -МАРКЕР
контрольное поле 01864nam0a2200337 4500
001 - ИДЕНТИФИКАТОР ЗАПИСИ
контрольное поле RU\NLR\BIBL_A\012774573
005 - ИДЕНТИФИКАТОР ВЕРСИИ
контрольное поле 20250624152546.0
035 ## - ДРУГИЕ СИСТЕМНЫЕ НОМЕРА
Идентификатор записи (NLR Aleph) 012774573
100 ## - ДАННЫЕ ОБЩЕЙ ОБРАБОТКИ
Данные общей обработки 20220427d1959 |||y0rusy50 ca
101 0# - ЯЗЫК РЕСУРСА
Язык текста, звукозаписи и т.д. белорусский
102 ## - СТРАНА ПУБЛИКАЦИИ ИЛИ ПРОИЗВОДСТВА
Страна публикации Российская Федерация
105 ## - ПОЛЕ КОДИРОВАННЫХ ДАННЫХ: ТЕКСТОВЫЕ МАТЕРИАЛЫ, МОНОГРАФИЧЕСКИЕ
Кодированные данные о монографическом текстовом документе c|||ag||011zb
181 #0 - ПОЛЕ КОДИРОВАННЫХ ДАННЫХ: ВИД СОДЕРЖАНИЯ
Код вида содержания (ISBD) i
Код характеристики содержания (ISBD) axxe
182 #0 - ПОЛЕ КОДИРОВАННЫХ ДАННЫХ: ТИП СРЕДСТВА
Код типа средства (ISBD) n - непосредственное
200 1# - ЗАГЛАВИЕ И СВЕДЕНИЯ ОБ ОТВЕТСТВЕННОСТИ
Основное заглавие Мiхась Лынькоў
Сведения, относящиеся к заглавию бiблiяграфiчны даведник
-- да 60-годдзя з дня нараджэння
Первые сведения об ответственности Дзяржаўная бiблiятэка БССР iмя В.I. Ленiна, Аддзел беларускай лiтаратуры i бiблiяграфii
Последующие сведения об ответственности склала Н. Ватацы
203 ## - ВИД СОДЕРЖАНИЯ И ТИП СРЕДСТВА
Вид содержания Текст
Дополнительные сведения об издании визуальный
Тип средства непосредственный
210 ## - ПУБЛИКАЦИЯ, РАСПРОСТРАНЕНИЕ И ДР.
Место издания, распространения и т.д. Мiнск
Имя издателя, распространителя и т. д. рэдакцыйна-выдавецкi аддзел Кнiжнай палаты БССР пры Дзяржаўнай бiблiятэцы БССР iмя У.I. Ленина
Дата издания, распространения и т.д. 1959
215 ## - ФИЗИЧЕСКАЯ ХАРАКТЕРИСТИКА
Специфическое обозначение материала и объем 87, [2] с., [1] л. портр.
Размеры 17
225 1# - СЕРИЯ
Основное заглавие серии Пiсьменнiкi БССР
320 ## - ПРИМЕЧАНИЯ О НАЛИЧИИ В ДОКУМЕНТЕ БИБЛИОГРАФИИ / УКАЗАТЕЛЯ
Текст примечания Библиогр. в подстроч. примеч.
320 ## - ПРИМЕЧАНИЯ О НАЛИЧИИ В ДОКУМЕНТЕ БИБЛИОГРАФИИ / УКАЗАТЕЛЯ
Текст примечания Алф. паказ. твораў М. Лынькова: с. 82
320 ## - ПРИМЕЧАНИЯ О НАЛИЧИИ В ДОКУМЕНТЕ БИБЛИОГРАФИИ / УКАЗАТЕЛЯ
Текст примечания Алф. паказ. аўтараў артыкулаў i рэцэнзiй, змешчаных у даведнiку: с. 87-88
702 #1 - ИМЯ ЛИЦА - ВТОРИЧНАЯ ОТВЕТСТВЕННОСТЬ
Код отношения Объект посвящения
Графика поля Кириллица
Материалы, к которым относится поле bel
Начальный элемент ввода Лынькоў
Часть имени, кроме начального элемента ввода М.
Даты 1899-1975
Расширение инициалов личного имени Мiхась
Системный номер авторитетной/нормативной записи 184449
Идентификатор авторитетной/нормативной записи RU\NLR\AUTH\770184500
702 #1 - ИМЯ ЛИЦА - ВТОРИЧНАЯ ОТВЕТСТВЕННОСТЬ
Начальный элемент ввода Ватацы
Часть имени, кроме начального элемента ввода Н. Б.
Код отношения Составитель
712 02 - НАИМЕНОВАНИЕ ОРГАНИЗАЦИИ - ВТОРИЧНАЯ ОТВЕТСТВЕННОСТЬ
Код отношения Составитель
Графика поля Кириллица
Материалы, к которым относится поле bel
Начальный элемент ввода Дзяржаўная бiблiятэка БССР iм. У. I. Ленина
Структурное подразделение Аддзел беларускай лiтаратуры i бiблiяграфii
Идентифицирующий признак Мiнск
Системный номер авторитетной/нормативной записи 787924
Идентификатор авторитетной/нормативной записи RU\NLR\AUTH\880560345
852 ## - МЕСТОНАХОЖДЕНИЕ И ШИФР ХРАНЕНИЯ
Идентификатор организации NLR
Шифр хранения (Call Number) 641/Л-88
942 ## - ДОПОЛНИТЕЛЬНЫЕ ЭЛЕМЕНТЫ ЗАПИСИ (АБИС)
Тип экземпляра АБИС Книга
980 ## - КОЛЛЕКЦИЯ
Название коллекции Национальная библиография
Экземпляры
Тип экземпляра Дата поступления Библиотека постоянного хранения Библиотека текущего хранения Место хранения Шифр хранения Штрих-код Статус экземпляра
Книга 29.04.2022 РНБ (Московский) РНБ (Московский) Центральная справочная библиотека 641/Л-88 1-3673860